| 000 | 00913ntm a2200217 i 4500 | ||
|---|---|---|---|
| 001 | 180748 | ||
| 003 | ES-MaACL | ||
| 005 | 20240312062554.0 | ||
| 007 | t| | ||
| 008 | 120709s1931 sp |||| | spa d | ||
| 100 | 1 |
_aCarmona Sobrino, Miguel. _935352 |
|
| 245 | 1 | 0 |
_aAlgunas ideas para la redacción de un proyecto de bases de Constitución [ _hManuscrito] / _cpor Miguel Carmona. |
| 260 |
_aMadrid : _b[s.n.], _c1931. |
||
| 300 |
_a29, [4] p. ; _c29 cm. |
||
| 594 | _aPosiblemente es la memoria leída por Miguel Carmona, cumpliendo un acuerdo de la Junta General de discutir un proyecto constitucional completo, sello con fecha 18 de junio de 1931. | ||
| 597 | _aEjemplar mecanografiado. | ||
| 610 | 1 | 4 |
_aEspaña. _tConstitución, 1931. _93656 |
| 610 | 2 | 4 |
_aAteneo de Madrid- _vConferencias- _y1900-1939 _91907 |
| 852 |
_aES-MaACL _jArmario 18, Caja negra _x- Olim: 1755-F-7 |
||
| 999 |
_c180748 _d180748 |
||